MONEY, BANKING, AND ECONOMIC ANALYSIS (Record no. 36189)
[ view plain ]
| 000 -LEADER | |
|---|---|
| fixed length control field | 00280nam a22001217a 4500 |
| 008 - FIXED-LENGTH DATA ELEMENTS--GENERAL INFORMATION | |
| fixed length control field | 171027b xxu||||| |||| 00| 0 eng d |
| 041 ## - LANGUAGE CODE | |
| Language code of text/sound track or separate title | eng |
| 080 ## - UNIVERSAL DECIMAL CLASSIFICATION NUMBER | |
| Universal Decimal Classification number | 336 |
| 100 ## - Rafti | |
| Rafti | 56 |
| 101 ## - Shkurtesa | |
| Shkurtesa | FIN |
| 245 ## - TITLE STATEMENT | |
| Title | MONEY, BANKING, AND ECONOMIC ANALYSIS |
| Statement of responsibility, etc | SIMPSON, TH.D |
| 942 ## - ADDED ENTRY ELEMENTS (KOHA) | |
| Source of classification or shelving scheme | |
| Item type | Books |
No items available.